000 00631cam a22001934a 4500
005 20250605164207.0
008 250528s ||||||||||||||||||||||||d
035 _a20101
040 _aGR-AtMCL
_bgre
_dGR-AtMCL
_eAACR2
245 1 _aRecent Population Calling for Policy Action / With Special Reference to: Fertility and Migration
260 _c1980
300 _a442
520 _aFertility, Migration, Population Policy, Discussion and Concluding Remarks, Appendices.
700 1 _aEuropean Centre For Population Studies
_96148
700 1 _aSiampos George S
_96149
942 _cBK
999 _c5240
_d5240